Music Quiz

Random Music or Song Quiz

'Darling Nikki' Lyrics by Prince Quiz Stats

Quiz not verified by Sporcle

Also try: Music in Music
Challenge
Share
Tweet
Embed
Score 0/194 Timer 08:00
0 Plays Today
% Correct
I
99.6%
I
99.6%
I
99.6%
I
99.6%
I
99.6%
I
99.6%
I
99.6%
I
99.6%
I
99.6%
a
99.2%
Nikki
99.2%
a
99.2%
a
99.2%
a
99.2%
and
99.2%
Nikki
99.2%
and
99.2%
the
99.2%
The
99.2%
and
99.2%
Nikki
99.2%
Nikki
99.2%
The
99.2%
the
99.2%
Nikki
99.2%
the
99.2%
Nikki
99.2%
and
99.2%
a
99.2%
the
99.2%
a
99.2%
Nikki
99.2%
Nikki
99.2%
you
98.8%
she
98.8%
She
98.8%
you
98.8%
She
98.8%
She
98.8%
She
98.8%
you
98.8%
she
98.8%
you
98.8%
you
98.8%
you
98.8%
you
98.8%
was
97.6%
me
97.6%
was
97.6%
me
97.6%
was
97.6%
me
97.6%
name
97.2%
girl
96.8%
could
96.8%
could
96.8%
could
96.8%
to
96.4%
to
96.4%
to
96.4%
to
96.4%
to
96.4%
to
96.4%
named
96%
her
96%
% Correct
in
96%
her
96%
Her
96%
sex
95.5%
hotel
95.1%
lobby
94.7%
knew
94.3%
magazine
94.3%
guess
93.9%
with
93.9%
said
93.9%
said
93.9%
said
93.9%
say
93.5%
met
93.1%
grind
92.7%
grind
92.7%
grind
92.7%
grind
92.7%
grind
92.7%
fiend
92.3%
when
91.1%
time
90.7%
time
90.7%
my
89.5%
my
89.5%
my
89.5%
be
89.5%
on
88.7%
on
88.7%
masturbating
88.3%
not
87.4%
started
87.4%
started
87.4%
saw
86.6%
took
86.6%
so
86.2%
little
85.8%
no
85.8%
little
85.8%
eyes
85.4%
how
85.4%
believe
85%
like
84.6%
couldn't
83.8%
had
83.8%
your
83%
your
83%
Your
83%
that
82.6%
some
82.2%
just
81%
resist
80.6%
out
80.2%
many
79.8%
lights
79.8%
went
79.8%
it
78.5%
It
78.5%
sign
78.1%
up
78.1%
Call
78.1%
up
78.1%
line
77.7%
dotted
77.3%
% Correct
want
76.9%
castle
75.7%
castle
75.7%
for
75.3%
everything
74.9%
money
74.1%
Come
74.1%
come
74.1%
buy
73.7%
thank
73.7%
waste
72.1%
funky
72.1%
whenever
72.1%
how'd
71.7%
but
70.9%
but
70.9%
tell
69.6%
did
69.6%
there
69.6%
back
69.2%
back
69.2%
spinning
68.8%
what
68.8%
will
68.8%
will
68.8%
Woke
67.6%
next
67.6%
morning
67.6%
never
67.2%
number
67.2%
stairs
67.2%
body
66.8%
same
66.8%
Oh
66.8%
phone
66.8%
Oh
66.8%
oh
66.8%
can't
66%
wasn't
65.2%
all
64.8%
all
64.8%
or
61.1%
brain
60.3%
found
59.5%
maybe
58.3%
looked
56.3%
show
55.1%
show
55.1%
over
53.4%
mercy
49.8%
Darlin
49%
she'll
47.4%
she'll
47.4%
vices
46.2%
wanna
40.9%
dirty
38.1%
behind
36.4%
kick
36%
sure
35.6%
sure
35.6%
enough
33.2%
enough
33.2%
Prince
32.8%
lovin
21.5%

You're not logged in!

Compare scores with friends on all Sporcle quizzes.
Join for Free
OR
Log In

You Might Also Like...

Show Comments

Extras

Created Apr 23, 2016ReportNominate
Tags:Lyrics Quiz, Song Quiz, prince

Top Quizzes Today


Score Distribution

Your Account Isn't Verified!

In order to create a playlist on Sporcle, you need to verify the email address you used during registration. Go to your Sporcle Settings to finish the process.

Report this User

Report this user for behavior that violates our Community Guidelines.

Details: